La pelle che abito /

Saved in:
Bibliographic Details
Format: Slide
Language:Italian
Spanish
Published: Milano : Warner home video, ©2012
Tags: Add Tag
No Tags, Be the first to tag this record!

MARC

LEADER 00000ngm a22000007i 4500
001 IT\ICCU\LO1\1405926
003 ItRI
005 20260124182921.0
008 120207s2012 it |||||||||||||||k|||||c
024 3 1 |a 5051891044739 
028 4 2 |a 1000256159 
028 4 2 |a 1000259619  |b Versione noleggio 
040 |b ita 
041 7 |a ita  |a spa  |2 ISO-639-2 
082 |a 791.43  |9 CINEMA  |2 19 
130 3 |a La piel que habito <film ; 2011>  |3 IT\ICCU\LO1\1405927 
245 0 3 |a La pelle che abito /  |c un film di Pedro Almodóvar ; ispirato al romanzo di Thierry Jonquet ; direttore della fotografia José Luis Alcaine ; musica Alberto Iglesias. 
260 |a Milano :  |b Warner home video,  |c ©2012 
300 |a 1 DVD video ca. 120 min. ;  |c in contenitore, 19 cm 
500 |a Caratteristiche tecniche: regione 2; 16:9, 1.85:1 adatto a ogni tipo di televisore; doppio strato; Dolby digital 5.1; color 
500 |a Tit. del contenitore 
500 |a Produzione cinematografica Spagna 2011 
500 |a Interpreti: Antonio Banderas, Elena Anaya, Marisa Paredes 
500 |a Lingue: italiano, spagnolo; sottotitoli: italiano per non udenti 
500 |a Contenuti speciali: Trailer; Teaser 
500 |a Vietato ai minori di 14 anni. 
752 |a it   |d Milano 
942 |2 ddc  |c VM  |n 0 
952 |0 0  |1 0  |4 0  |6 VO_2008_000000000000000  |7 0  |9 28028  |a BO  |b BO  |d 2026-01-24  |i 16790  |l 0  |o VO 2008  |p BO16790  |r 2026-01-24 18:29:21  |w 2026-01-24  |x [Sebina 5] [1 dvd]  |y VM  |z 1 dvd 
981 1 |6 z01  |a b   |b xa2e  
982 1 |6 z01  |a g 
999 |c 23752  |d 23752